Statistics for U.S. Cities by Picture #1

Click here to take the quiz!

General Stats

  • This quiz has been taken 149 times
  • The average score is 13 of 20

Answer Stats

Answer% Correct
New York City
97%
Chicago
96%
Los Angeles
92%
Washington D.C.
89%
Las Vegas
88%
Miami
85%
St. Louis
79%
Dallas
78%
Philadelphia
76%
San Francisco
75%
Detroit
74%
Houston
74%
Atlanta
60%
San Diego
56%
Minneapolis
44%
Charlotte
42%
Jacksonville
39%
San Antonio
37%
New Orleans
35%
Mobile
8%

Score Distribution

Percentile by Number Answered

Percent of People with Each Score

Your Score History

You have not taken this quiz